[Event "Muensterland Verbandsliga Gr2 2223"]
[Site "Germany"]
[Date "2022.09.10"]
[Round "1.2"]
[White "Sparwel, Oliver"]
[Black "Wigger, Niklas"]
[Result "1-0"]
[WhiteElo "1922"]
[BlackElo "1853"]
[PlyCount "69"]
[EventDate "2022.09.10"]
[EventType "team-tourn"]
[EventRounds "5"]
[EventCountry "GER"]
[SourceTitle "EXT 2024"]
[Source "ChessBase"]
[SourceDate "2023.10.10"]
[SourceVersion "1"]
[SourceVersionDate "2023.10.10"]
[SourceQuality "1"]
[WhiteTeam "Suedlohn II"]
[BlackTeam "Heiden"]
[WhiteTeamCountry "GER"]
[BlackTeamCountry "GER"]

1. d4 e6 2. c4 Nf6 3. Nc3 Bb4 4. a3 Bxc3+ 5. bxc3 b6 6. f3 d5 7. cxd5 exd5 8. Bg5 Bf5 9. e3 0-0 10. Ne2 h6 11. Ng3 Bh7 12. Bxf6 Qxf6 13. Bd3 Re8 14. Bxh7+ Kxh7 15. Qd3+ Qg6 16. Qxg6+ Kxg6 17. e4 Nd7 18. 0-0 c6 19. e5 b5 20. f4 Nb6 21. f5+ Kh7 22. Nh5 Nc4 23. g4 a5 24. Rf3 a4 25. Ra2 Ra7 26. h4 Rh8 27. Nf4 Re7 28. g5 hxg5 29. hxg5 Kg8 30. g6 Rh4 31. gxf7+ Kxf7 32. Rg2 Rh7 33. e6+ Ke8 34. f6 Rb7 35. f7+ 1-0

[Event "EU-Cup 36th"]
[Site "Struga"]
[Date "2021.09.23"]
[Round "6.4"]
[White "Reichardt, Robin"]
[Black "Sparwel, Oliver"]
[Result "1/2-1/2"]
[WhiteElo "2051"]
[BlackElo "2013"]
[PlyCount "74"]
[EventDate "2021.09.18"]
[EventType "team-swiss"]
[EventRounds "7"]
[EventCountry "MKD"]
[SourceTitle "CBM 204 Extra"]
[Source "ChessBase"]
[SourceDate "2021.11.30"]
[SourceVersion "1"]
[SourceVersionDate "2021.11.30"]
[SourceQuality "1"]
[WhiteTeam "En Passant"]
[BlackTeam "Echternach Sprenger"]
[WhiteTeamCountry "NED"]
[BlackTeamCountry "LUX"]

1. d4 d5 2. c4 e6 3. Nf3 Nf6 4. Bg5 c6 5. e3 Nbd7 6. Nbd2 Be7 7. Bd3 0-0 8. 0-0 dxc4 9. Nxc4 b5 10. Nce5 Nxe5 11. Nxe5 Bb7 12. Rc1 Rc8 13. Bb1 a6 14. a3 Nd5 15. Bxe7 Qxe7 16. Rc5 g6 17. Qc2 f6 18. Nxc6 Bxc6 19. Rxc6 Qd7 20. Rc1 Ne7 21. Rc7 Rxc7 22. Qxc7 Qxc7 23. Rxc7 Rc8 24. Rxc8+ Nxc8 25. Kf1 Nb6 26. Ke2 Kf7 27. Kd3 Ke7 28. Ba2 Kd6 29. Bb3 g5 30. Kc3 a5 31. Bc2 Nd5+ 32. Kd2 h6 33. Bd3 b4 34. Kc2 bxa3 35. bxa3 Nb6 36. Kb3 e5 37. dxe5+ Kxe5 1/2-1/2

[Event "Muensterland Verbandsliga 1920"]
[Site "Germany"]
[Date "2019.09.28"]
[Round "2.3"]
[White "Sparwel, Oliver"]
[Black "Stoeckmann, Helmut"]
[Result "1/2-1/2"]
[WhiteElo "1929"]
[BlackElo "1943"]
[PlyCount "61"]
[EventDate "2019.09.07"]
[EventType "team-tourn"]
[EventRounds "7"]
[EventCountry "GER"]
[SourceTitle "EXT 2023"]
[Source "ChessBase"]
[SourceDate "2022.10.05"]
[SourceVersion "1"]
[SourceVersionDate "2022.10.05"]
[SourceQuality "1"]
[WhiteTeam "Suedlohn II"]
[BlackTeam "Nienberge II"]
[WhiteTeamCountry "GER"]
[BlackTeamCountry "GER"]

1. d4 Nf6 2. Nf3 e6 3. c4 Bb4+ 4. Bd2 c5 5. e3 0-0 6. a3 Bxd2+ 7. Nbxd2 cxd4 8. exd4 d5 9. c5 b6 10. b4 Qe7 11. Bd3 a5 12. 0-0 bxc5 13. bxc5 Nc6 14. Bb5 Bd7 15. Bxc6 Bxc6 16. Ne5 Bb5 17. Re1 a4 18. Rb1 Rfb8 19. Rb4 Nd7 20. f4 f6 21. Nxd7 Bxd7 22. Qb1 Qd8 23. Rb6 Rxb6 24. Qxb6 Qxb6 25. cxb6 Rb8 26. Rb1 Bc6 27. Rb4 Kf7 28. Kf2 Ke7 29. Nb1 e5 30. fxe5 fxe5 31. dxe5 1/2-1/2

[Event "EU-Cup 34th"]
[Site "Porto Carras"]
[Date "2018.10.13"]
[Round "2.5"]
[White "Sparwel, Oliver"]
[Black "Drent, Sjoerd"]
[Result "1/2-1/2"]
[WhiteElo "1940"]
[BlackElo "2001"]
[PlyCount "51"]
[EventDate "2018.10.12"]
[EventType "team-swiss"]
[EventRounds "7"]
[EventCountry "GRE"]
[SourceTitle "CBM 187"]
[Source "ChessBase"]
[SourceDate "2018.12.11"]
[SourceVersion "1"]
[SourceVersionDate "2018.12.11"]
[SourceQuality "1"]
[WhiteTeam "Echternach Sprenger"]
[BlackTeam "En Passant"]
[WhiteTeamCountry "LUX"]
[BlackTeamCountry "NED"]

1. d4 d5 2. c4 e6 3. Nf3 f5 4. Nc3 c6 5. Bf4 Nf6 6. e3 Bd6 7. Bxd6 Qxd6 8. c5 Qe7 9. b4 0-0 10. Be2 Nbd7 11. Ne5 Nxe5 12. dxe5 Nd7 13. f4 b6 14. Qa4 bxc5 15. Qxc6 Rb8 16. bxc5 Nxc5 17. Rb1 Bd7 18. Qc7 Rxb1+ 19. Nxb1 Rc8 20. Qa5 Nd3+ 21. Kd2 Nf2 22. Rc1 Ne4+ 23. Kd1 Nf2+ 24. Kd2 Ne4+ 25. Kd1 Nf2+ 26. Kd2 1/2-1/2

[Event "EU-Cup 32nd"]
[Site "Novi Sad"]
[Date "2016.11.07"]
[Round "2.4"]
[White "Samsonov, Vyacheslav"]
[Black "Sparwel, Oliver"]
[Result "1/2-1/2"]
[WhiteElo "2139"]
[BlackElo "2026"]
[PlyCount "128"]
[EventDate "2016.11.06"]
[EventType "team-swiss"]
[EventRounds "7"]
[EventCountry "SRB"]
[SourceTitle "CBM 176"]
[Source "ChessBase"]
[SourceDate "2017.01.17"]
[SourceVersion "1"]
[SourceVersionDate "2017.01.17"]
[SourceQuality "1"]
[WhiteTeam "Ezerelio Vaivorykste"]
[BlackTeam "Echternach Sprenger"]
[WhiteTeamCountry "LTU"]
[BlackTeamCountry "LUX"]

1. d4 Nf6 2. Bg5 Ne4 3. Bh4 d5 4. f3 Nd6 5. Nd2 f5 6. c4 c6 7. c5 Nf7 8. f4 g6 9. Ngf3 Bg7 10. e3 Nd7 11. Bd3 Nf6 12. 0-0 0-0 13. b4 Ne4 14. Nb3 Bf6 15. Qe1 h6 16. Ne5 Kg7 17. Bxf6+ exf6 18. Nxf7 Rxf7 19. Bxe4 dxe4 20. d5 Qxd5 21. Qc3 Be6 22. Nd4 Rd7 23. Rfd1 Rad8 24. Rd2 Qc4 25. Qb2 Bg8 26. Rc1 Qf7 27. Rcd1 Rd5 28. Qc3 Qe7 29. Rc1 Bf7 30. a4 Be8 31. Rcd1 Bf7 32. Ne2 Qe6 33. Rxd5 Rxd5 34. Nd4 Qe7 35. Rc1 a6 36. Rc2 Be8 37. Rd2 Kf7 38. Nb3 Qd7 39. Rd4 Rxd4 40. Qxd4 Qxd4 41. Nxd4 Bd7 42. Kf2 g5 43. g3 Kg6 44. Nb3 Kf7 45. Na5 Ke6 46. Nxb7 Kd5 47. Na5 Be8 48. Ke2 Bh5+ 49. Kd2 Bg4 50. Kc3 Be2 51. Nb3 Bd1 52. Nd4 Bxa4 53. Nxf5 h5 54. h4 gxh4 55. gxh4 a5 56. Ng7 axb4+ 57. Kxb4 Bd1 58. Ne8 Ke6 59. Nd6 Kd5 60. Nf5 Ke6 61. Ng3 Kd5 62. Nf5 Ke6 63. Nd6 Kd5 64. Ne8 Ke6 1/2-1/2

[Event "EU-Cup 32nd"]
[Site "Novi Sad"]
[Date "2016.11.06"]
[Round "1.4"]
[White "Sparwel, Oliver"]
[Black "Hedman, Erik"]
[Result "0-1"]
[WhiteElo "2026"]
[BlackElo "2354"]
[PlyCount "58"]
[EventDate "2016.11.06"]
[EventType "team-swiss"]
[EventRounds "7"]
[EventCountry "SRB"]
[SourceTitle "CBM 176"]
[Source "ChessBase"]
[SourceDate "2017.01.17"]
[SourceVersion "1"]
[SourceVersionDate "2017.01.17"]
[SourceQuality "1"]
[WhiteTeam "Echternach Sprenger"]
[BlackTeam "Umea Rockaden"]
[WhiteTeamCountry "LUX"]
[BlackTeamCountry "SWE"]

1. d4 c5 2. d5 d6 3. c4 Nf6 4. Nc3 g6 5. e4 Bg7 6. Be2 0-0 7. g4 e6 8. h4 exd5 9. cxd5 Re8 10. f3 h5 11. Bg5 hxg4 12. h5 Nbd7 13. hxg6 fxg6 14. Qc2 a6 15. 0-0-0 Ne5 16. f4 Nf7 17. e5 Bf5 18. Bd3 Bxd3 19. Qxd3 dxe5 20. Qxg6 exf4 21. Bxf4 b5 22. Nce2 Ne4 23. Ng3 Nxg3 24. Bxg3 Qf6 25. Qh7+ Kf8 26. Qc2 Re4 27. Kb1 Rc4 28. Qg2 Qg6+ 29. Ka1 Rc2 0-1

[Event "Muensterland Verbandsklasse 1516"]
[Site "Germany"]
[Date "2015.12.19"]
[Round "4.1"]
[White "Da Costa Campos, Andre"]
[Black "Sparwel, Oliver"]
[Result "0-1"]
[WhiteElo "1950"]
[BlackElo "1935"]
[PlyCount "80"]
[EventDate "2015.09.19"]
[EventType "team"]
[EventRounds "9"]
[EventCountry "GER"]
[SourceTitle "EXT 2017"]
[Source "ChessBase"]
[SourceDate "2016.10.25"]
[SourceVersion "1"]
[SourceVersionDate "2016.10.25"]
[SourceQuality "1"]
[WhiteTeam "Nienberge II"]
[BlackTeam "Suedlohn II"]
[WhiteTeamCountry "GER"]
[BlackTeamCountry "GER"]

1. e4 d6 2. d4 Nf6 3. Nc3 g6 4. f4 Bg7 5. Nf3 0-0 6. Bd3 Na6 7. Be3 c5 8. Bxa6 cxd4 9. Bxb7 Bxb7 10. Bxd4 e5 11. fxe5 dxe5 12. Bc5 Qxd1+ 13. Rxd1 Rfc8 14. Bd6 Nxe4 15. Nxe4 Bxe4 16. c3 f6 17. 0-0 Bf5 18. Ne1 Be6 19. a3 Bb3 20. Rd2 Bh6 21. Rd3 e4 22. Rg3 Kg7 23. h4 Rc6 24. Bf4 Bxf4 25. Rxf4 Re6 26. Re3 f5 27. g4 Rf6 28. gxf5 gxf5 29. Rg3+ Rg6 30. Kf2 Rxg3 31. Kxg3 Kf6 32. Rf1 Ke5 33. Ng2 Rg8+ 34. Kh3 Rd8 35. h5 Rg8 36. Ne3 Be6 37. Ng2 f4+ 38. Kh2 f3 39. Nh4 Kf4 40. Rd1 Rg4 0-1

[Event "Muensterland Verbandsklasse 1516"]
[Site "Germany"]
[Date "2015.09.19"]
[Round "1.1"]
[White "Sparwel, Oliver"]
[Black "Hofene, Josef"]
[Result "1/2-1/2"]
[WhiteElo "1935"]
[BlackElo "1719"]
[PlyCount "86"]
[EventDate "2015.09.19"]
[EventType "team"]
[EventRounds "9"]
[EventCountry "GER"]
[SourceTitle "EXT 2017"]
[Source "ChessBase"]
[SourceDate "2016.10.25"]
[SourceVersion "1"]
[SourceVersionDate "2016.10.25"]
[SourceQuality "1"]
[WhiteTeam "Suedlohn II"]
[BlackTeam "Beelen II"]
[WhiteTeamCountry "GER"]
[BlackTeamCountry "GER"]

1. Nf3 Nf6 2. c4 c5 3. Nc3 Nc6 4. g3 g6 5. Bg2 Bg7 6. 0-0 0-0 7. e3 d6 8. d4 e5 9. dxc5 dxc5 10. b3 Qe7 11. Bb2 Nb4 12. e4 Rd8 13. Qe2 Bg4 14. h3 Bxf3 15. Bxf3 Nc6 16. Nd5 Nxd5 17. cxd5 Nd4 18. Bxd4 cxd4 19. Rac1 Rac8 20. Bg4 Rc7 21. Qd2 h5 22. Rxc7 Qxc7 23. Rc1 Qb8 24. Be2 Rc8 25. Rc2 Kh7 26. Qc1 Rxc2 27. Qxc2 Bf8 28. Qc4 Bd6 29. Kg2 Kg7 30. Bd3 Qc7 31. Qxc7 Bxc7 32. g4 h4 33. Kf3 g5 34. Ke2 Kf6 35. Bc2 Ke7 36. Kd3 Kd6 37. Kc4 Kd7 38. b4 Bd6 39. a4 Kc7 40. a5 Kd7 41. Kb5 Kc7 42. Kc4 Kd8 43. Kb5 Kc7 1/2-1/2

[Event "Muensterland Verbandsklasse 1415"]
[Site "Germany"]
[Date "2014.11.15"]
[Round "3.2"]
[White "Sparwel, Oliver"]
[Black "Lachmuth, Mathias"]
[Result "1/2-1/2"]
[WhiteElo "1996"]
[BlackElo "1711"]
[PlyCount "95"]
[EventDate "2014.09.13"]
[EventType "team-tourn"]
[EventRounds "9"]
[EventCountry "GER"]
[SourceTitle "EXT 2016"]
[Source "ChessBase"]
[SourceDate "2015.10.08"]
[SourceVersion "1"]
[SourceVersionDate "2015.10.08"]
[SourceQuality "1"]
[WhiteTeam "Suedlohn II"]
[BlackTeam "Emsdetten Rochade II"]
[WhiteTeamCountry "GER"]
[BlackTeamCountry "GER"]

1. d4 Nf6 2. c4 e6 3. Nc3 b6 4. Nf3 Bb7 5. e3 Be7 6. Be2 d5 7. cxd5 Nxd5 8. 0-0 0-0 9. Ne5 Nxc3 10. bxc3 Nd7 11. f4 c5 12. a4 Qc7 13. Ba3 Nf6 14. Qb3 Ne4 15. Rfd1 Rfd8 16. Bf3 Bd5 17. c4 Bb7 18. d5 exd5 19. cxd5 Nd6 20. Rac1 f6 21. Nc6 Bxc6 22. dxc6+ Kh8 23. Qe6 Re8 24. Qd7 Rac8 25. a5 Nb5 26. axb6 axb6 27. Ra1 Red8 28. Qxc7 Rxd1+ 29. Rxd1 Rxc7 30. Bb2 h6 31. Bd5 Na7 32. e4 Nxc6 33. e5 fxe5 34. fxe5 Rd7 35. Kf1 Nb4 36. Bb3 Rxd1+ 37. Bxd1 Nd3 38. Bc3 Nf4 39. Bb3 Ng6 40. Bc4 Nf8 41. Ke2 Kh7 42. Ke3 Kg6 43. Ke4 Kg5 44. Bd2+ Kg4 45. Be2+ Kh4 46. Be1+ Kg5 47. Bd2+ Kh4 48. Be1+ 1/2-1/2

[Event "Muensterland Verbandsklasse 1415"]
[Site "Germany"]
[Date "2014.10.04"]
[Round "2.2"]
[White "Da Costa Campos, Andre"]
[Black "Sparwel, Oliver"]
[Result "0-1"]
[WhiteElo "1948"]
[BlackElo "1996"]
[PlyCount "65"]
[EventDate "2014.09.13"]
[EventType "team-tourn"]
[EventRounds "9"]
[EventCountry "GER"]
[SourceTitle "EXT 2016"]
[Source "ChessBase"]
[SourceDate "2015.10.08"]
[SourceVersion "1"]
[SourceVersionDate "2015.10.08"]
[SourceQuality "1"]
[WhiteTeam "Nienberge II"]
[BlackTeam "Suedlohn II"]
[WhiteTeamCountry "GER"]
[BlackTeamCountry "GER"]

1. e4 d6 2. d4 Nf6 3. Nc3 Nbd7 4. f4 e5 5. Nf3 exd4 6. Nxd4 g6 7. Bd3 Bg7 8. Be3 0-0 9. Qf3 Nc5 10. h3 Nxd3+ 11. cxd3 c5 12. Nde2 Rb8 13. 0-0 b5 14. f5 b4 15. Nd1 Bb7 16. Bg5 h6 17. Bh4 g5 18. Bg3 c4 19. Nf2 Qb6 20. Kh1 Rfe8 21. Ng4 cxd3 22. Nxf6+ Bxf6 23. Qxd3 Bxe4 24. Qxd6 Qxd6 25. Bxd6 Bxg2+ 26. Kxg2 Rxe2+ 27. Rf2 Rxf2+ 28. Kxf2 Rb5 29. Kf3 Rxf5+ 30. Kg4 Rd5 31. Bb8 a5 32. Re1 Bxb2 33. Kh5 0-1

[Event "Muensterland Verbandsklasse 1314"]
[Site "Germany"]
[Date "2013.10.12"]
[Round "2.1"]
[White "Schroer, Klaus"]
[Black "Sparwel, Oliver"]
[Result "0-1"]
[WhiteElo "1992"]
[BlackElo "1932"]
[PlyCount "78"]
[EventDate "2013.09.21"]
[EventType "team-tourn"]
[EventRounds "9"]
[EventCountry "GER"]
[SourceTitle "EXT 2015"]
[Source "ChessBase"]
[SourceDate "2014.11.20"]
[SourceVersion "1"]
[SourceVersionDate "2014.11.20"]
[SourceQuality "1"]
[WhiteTeam "Borken"]
[BlackTeam "Suedlohn II"]
[WhiteTeamCountry "GER"]
[BlackTeamCountry "GER"]

1. e4 e5 2. Nf3 Nc6 3. Bb5 a6 4. Ba4 Nf6 5. 0-0 d6 6. Bxc6+ bxc6 7. d4 exd4 8. Qxd4 c5 9. Qd3 Be7 10. c4 0-0 11. Nc3 Rb8 12. b3 Ng4 13. h3 Ne5 14. Nxe5 dxe5 15. Qxd8 Rxd8 16. Be3 Bd7 17. Rfd1 Bc6 18. f3 Bd6 19. Rd2 g6 20. Rad1 Re8 21. g4 a5 22. Rb1 f5 23. Nd5 Rf8 24. Bh6 Rf7 25. gxf5 gxf5 26. Rg2+ Kh8 27. Kh1 Bxd5 28. exd5 e4 29. Bd2 Be5 30. f4 Bd4 31. Bxa5 Rg8 32. Rxg8+ Kxg8 33. Rc1 Kf8 34. Bc3 Ke7 35. b4 Bxc3 36. Rxc3 cxb4 37. Rb3 Rf6 38. Rxb4 Ra6 39. a4 Kd6 0-1